00362nam a2200157Ia 45000010006000000050017000060080041000230410008000640820015000721000025000872450039001122600009001513000028001606500008001886540008001961792620260306171553.0260306s9999||||xx |||||||||||||| ||und|| aESP a658.3bF43 aFerreiro, PabloeAUT 0aGobierno de personas en la empresa c2001 a303 páginas :c24 cm. aGEN aCAN